书目信息 |
| 题名: |
考点巧记
|
|
| 作者: | 王厚军 主编 | |
| 分册: | ||
| 出版信息: | 北京 中国石化出版社 2019 |
|
| 页数: | 112页 | |
| 开本: | 19cm | |
| 丛书名: | ||
| 单 册: | ||
| 中图分类: | TU998.1 | |
| 科图分类: | ||
| 主题词: | 消防--安全技术--资格考试--自学参考资料 | |
| 电子资源: | ||
| ISBN: | 978-7-5114-5398-3 | |
| 000 | 01037nam0 2200241 450 | |
| 001 | 2357282531 | |
| 005 | 20231124155451.20 | |
| 010 | @a978-7-5114-5398-3@dCNY31.00 | |
| 100 | @a20200713d2019 em y0chiy50 ea | |
| 101 | 0 | @achi |
| 102 | @aCN@b110000 | |
| 105 | @ay z 000yy | |
| 200 | 1 | @a考点巧记@9kao dian qiao ji@f王厚军主编 |
| 210 | @a北京@c中国石化出版社@d2019 | |
| 215 | @a112页@d19cm | |
| 300 | @a注册消防工程师资格考试辅导用书 2019年版 | |
| 314 | @a王厚军,硕士研究生学历,高级工程师,消防队、安监局技术专家,中国消防协会会员,一级注册消防工程师、一级注册安全评价师、注册安全工程师,消防安全及生产安全领域高级讲师。消防考试授课累计达400余次,授课特点深入浅出、幽默风趣。 | |
| 330 | @a本书共分十篇,涵盖355条记忆口诀或总結。其中,技术实务部分245条,综合能力部分109条,案例分析部分1条,包括消防基础知识、建筑防火、建筑消防设施、消防安全评估等内容。 | |
| 606 | 0 | @a消防@x安全技术@x资格考试@j自学参考资料 |
| 690 | @aTU998.1@v5 | |
| 701 | 0 | @a王厚军@9wang hou jun@4主编 |
| 801 | 0 | @aCN@b山东中教@c20200713 |
| 905 | @aBZT@dTU998.1@e16 | |
| 考点巧记/王厚军主编.-北京:中国石化出版社,2019 |
| 112页;19cm |
| 注册消防工程师资格考试辅导用书 2019年版 |
| ISBN 978-7-5114-5398-3:CNY31.00 |
| 本书共分十篇,涵盖355条记忆口诀或总結。其中,技术实务部分245条,综合能力部分109条,案例分析部分1条,包括消防基础知识、建筑防火、建筑消防设施、消防安全评估等内容。 |
| ● |
| 相关链接 |
|
|
|
正题名:考点巧记
索取号:TU998.1/16
 
预约/预借
| 序号 | 登录号 | 条形码 | 馆藏地/架位号 | 状态 | 备注 |
| 1 | 2001044837 | 2001044837 | 中教第一批/山东中教(第一批)/676/ [索取号:TU998.1/16] | 在馆 | |
| 2 | 2001044838 | 2001044838 | 中教第一批/山东中教(第一批)/676/ [索取号:TU998.1/16] | 在馆 | |
| 3 | 2001044839 | 2001044839 | 中教第一批/山东中教(第一批)/676/ [索取号:TU998.1/16] | 在馆 | |
| 4 | 2001044840 | 2001044840 | 中教第一批/山东中教(第一批)/676/ [索取号:TU998.1/16] | 在馆 | |
| 5 | 2001044841 | 2001044841 | 中教第一批/山东中教(第一批)/676/ [索取号:TU998.1/16] | 在馆 | |
| 6 | 2001044842 | 2001044842 | 中教第一批/山东中教(第一批)/676/ [索取号:TU998.1/16] | 在馆 |